00595nam a2200193Ia 4500008004100000020001800041082001600059100001900075245002600094250000700120260004400127300003000171500001900201600001500220650001500235942000700250952012700257999001700384240925s9999 xx 000 0 und d a9781118295342 a658.421 COO aCooper, Brant 4aThe Lean Entrepreneur aNA aNew Delhi:bJohn Wiley and Sonsc,2013. axxxvi,849p.bNAfOriginal aIncludes Index aManagement aManagement cBK 001040708MANaUITUbUITUd2018-12-18eBook Stationg300.00l0o658.421 COOpQ12549r2024-09-25 07:16:32w2024-09-25yBK c15048d15048